Annuities and other retirement products (Record no. 227855)
[ view plain ]
| 000 -LEADER | |
|---|---|
| fixed length control field | 01603nam a2200409 a 4500 |
| 082 04 - DEWEY DECIMAL CLASSIFICATION NUMBER | |
| Classification number | 331.25/24 |
| 100 1# - MAIN ENTRY--AUTHOR NAME | |
| Personal name | Rocha, Roberto Rezende. |
| 245 10 - TITLE STATEMENT | |
| Title | Annuities and other retirement products |
| 260 ## - PUBLICATION, DISTRIBUTION, ETC. (IMPRINT) | |
| Place of publication | Washington, D.C. : |
| Name of publisher | World Bank, |
| Year of publication | c2011. |
| 300 ## - PHYSICAL DESCRIPTION | |
| Number of Pages | xv, 354 p. : |
| Other physical details | ill. |
| 490 1# - SERIES STATEMENT | |
| Series statement | Directions in development. Finance |
| 650 #0 - SUBJECT ADDED ENTRY--TOPICAL TERM | |
| Topical Term | Pensions. |
| Topical Term | Annuities. |
| Topical Term | Old age pensions. |
| Topical Term | Pensions |
| Topical Term | Annuities |
| Topical Term | Old age pensions |
| 700 1# - ADDED ENTRY--PERSONAL NAME | |
| Personal name | Vittas, Dimitri. |
| Personal name | Rudolph, Heinz P. |
| 856 40 - ELECTRONIC LOCATION AND ACCESS | |
| Uniform Resource Identifier | http://site.ebrary.com/lib/rucke/Doc?id=10453804 |
No items available.
